000 02533nam0a2200433 4500
001 RU\NLR\BIBL_A\011536469
005 20250630155350.0
020 _aRU
_b9873
_9Сводный каталог листовок первых лет Советской власти (25 октября (7 ноября) 1917 - 1925) Т.4 (Ч.2). Листовки советских, партийных, профсоюзных, комсомольских и других организаций губерний РСФСР
035 _a(NLR Aleph) 011536469
090 _a12172658
_c12172658
100 _a20171122d1920 |||y0rusy50 ca
101 0 _arus
102 _aRU
105 _ay z 000zy
135 _acrcn 024apaba
200 1 _aКрестьянин! "Помогая Советской республике, ты поможешь самому себе..."
_e[листовка]
210 _aПенза
_cАгит.-проп. отд. Пенз. губкома РКП(Б)
_cТип. Губсовнархоза № 1
_d[1920]
215 _a1 с.
_d67х36
300 _aПодписи: Губернский комитет РКП(б); Губернское продовольственное совещание
316 _aНа экз. рукописная помета: печ. 10000 экз.
_5NLR
325 _aКопия доступна в Электрон. б-ке РНБ
327 1 _aО своевременной сдаче хлебной разверстки государству
517 1 _aПомогая Советской республике, ты поможешь самому себе...
540 1 _aО своевременной сдаче хлебной разверстки государству
607 _aРСФСР
_jЛистовки
_xПолитика и управление
_y1917 - 1925
_92312782
_3RU\NLR\auth\6601609564
686 0 _aТ3(2)71-313,011
711 0 2 _aРКП(б)
_bПензенский губернский комитет
_9556264
_3RU\NLR\AUTH\880446334
852 0 0 _aNLR
_bФЛ
_j44/24
856 0 _uhttps://vivaldi.nlr.ru/ll700000823/view
856 1 _uhttps://vivaldi.nlr.ru/ll700000823/cover
856 2 _uhttps://vivaldi.nlr.ru/ll700000823/text
942 _cBOOK
980 _aNB
981 2 1 _a(21) Листовки
_b(21) Листовки 1920 года